书目信息 |
| 题名: |
苍溪雪梨
|
|
| 作者: | ;巴蜀文化丛书编辑委员会 编 | |
| 分册: | ||
| 出版信息: | 成都 电子科技大学出版社 1993 |
|
| 页数: | 84页 | |
| 开本: | 20cm | |
| 丛书名: | 巴蜀经济丛书 | |
| 单 册: | ||
| 中图分类: | S661.2 | |
| 科图分类: | ||
| 主题词: | 雪梨--苍溪县 , 雪梨 | |
| 电子资源: | ||
| ISBN: | 7-81016-707-3 | |
| 000 | 00842oam2 2200265 45 | |
| 001 | 012006061201 | |
| 005 | 20070709154635.82 | |
| 010 | @a7-81016-707-3@dCNY7.50 | |
| 092 | @aCN@b495998 | |
| 100 | @a20060612e20051993em y0chiy0120 ea | |
| 101 | 0 | @achi |
| 102 | @aCN@b510000 | |
| 105 | @aa z 000yy | |
| 200 | 1 | @a苍溪雪梨@9cang xi xue li@f《巴蜀文化丛书》编辑委员会编 |
| 210 | @a成都@c电子科技大学出版社@d1993@h2005重印 | |
| 215 | @a84页@c图@d20cm | |
| 225 | 2 | @a巴蜀经济丛书 |
| 330 | @a本书主要内容:神奇的传说、起源的文字记载、现代的研究、王室供品、国优水果、名贵礼品等。 | |
| 461 | 0 | @12001 @a巴蜀经济丛书 |
| 606 | 0 | @a雪梨@y苍溪县 |
| 606 | 0 | @a雪梨 |
| 690 | @aS661.2@v4 | |
| 711 | 02 | @a巴蜀文化丛书编辑委员会@9ba shu wen hua cong shu bian ji wei yuan hui@4编 |
| 801 | 0 | @aCN@bLZJBOOK@c20070709 |
| 905 | @a10447@dS661.2@e168 | |
| 苍溪雪梨/《巴蜀文化丛书》编辑委员会编.-成都:电子科技大学出版社,1993(2005重印) |
| 84页:图;20cm.-(巴蜀经济丛书) |
| ISBN 7-81016-707-3:CNY7.50 |
| 本书主要内容:神奇的传说、起源的文字记载、现代的研究、王室供品、国优水果、名贵礼品等。 |
| ● |
| 相关链接 |
|
|
|
|
正题名:苍溪雪梨
索取号:S661.2/168
 
预约/预借
| 序号 | 登录号 | 条形码 | 馆藏地/架位号 | 状态 | 备注 |
| 1 | 0564369 | 205643696 | 第二样本阅览室/ [索取号:S661.2/168] | 在馆 | |
| 2 | 0564370 | 205643703 | 第三借阅区/ [索取号:S661.2/168] | 在馆 | |
| 3 | 0564371 | 205643712 | 第三借阅区/ [索取号:S661.2/168] | 在馆 | |
| 4 | 0564372 | 205643721 | 第三借阅区/ [索取号:S661.2/168] | 在馆 | |
| 5 | 0564373 | 205643730 | 第三借阅区/ [索取号:S661.2/168] | 在馆 | |
| 6 | 0564374 | 205643749 | 第三借阅区/ [索取号:S661.2/168] | 在馆 | |
| 7 | 0564375 | 205643758 | 第三借阅区/ [索取号:S661.2/168] | 在馆 | |
| 8 | 0564376 | 205643767 | 第三借阅区/ [索取号:S661.2/168] | 在馆 |